000
00287nam a22001097a 4500
008
160512b xxu||||| |||| 00| 0 eng d
020
_a
9989150616
041
_a
eng
080
_a
573
245
_a
Resurset gjenetike te bimeve:
_c
Sami Hoxha; Xhezair Idrizi; Adriana Hoxha;
942
_2
udc
_c
BK
999
_c
2093
_d
2093